राम आणि कृष्णाचे गौडबंगाल (Record no. 139059)

MARC details
000 -LEADER
fixed length control field 00648nam a2200193Ia 4500
008 - FIXED-LENGTH DATA ELEMENTS--GENERAL INFORMATION
fixed length control field 090124s9999 xx 000 0 und d
082 ## - DEWEY DECIMAL CLASSIFICATION NUMBER
Item number 25553
Classification number 593
100 ## - MAIN ENTRY--PERSONAL NAME
Personal name अमृते उमा
245 ## - TITLE STATEMENT
Title राम आणि कृष्णाचे गौडबंगाल
250 ## - EDITION STATEMENT
Edition statement 1
260 ## - PUBLICATION, DISTRIBUTION, ETC. (IMPRINT)
Date of publication, distribution, etc 1987
300 ## - PHYSICAL DESCRIPTION
Extent 79
600 ## - SUBJECT ADDED ENTRY--PERSONAL NAME
Personal name अमृते उमा
630 ## - SUBJECT ADDED ENTRY--UNIFORM TITLE
Uniform title राम आणि कृष्णाचे गौडबंगाल
700 ## - ADDED ENTRY--PERSONAL NAME
Personal name कर्वे माधव
700 ## - ADDED ENTRY--PERSONAL NAME
Personal name अमृते उमा
730 ## - ADDED ENTRY--UNIFORM TITLE
Uniform title राम आणि कृष्णाचे गौडबंगाल
942 ## - ADDED ENTRY ELEMENTS (KOHA)
Koha item type Book
Holdings
Withdrawn status Lost status Damaged status Not for loan Home library Current library Date acquired Cost, normal purchase price Total Checkouts Full call number Barcode Date last seen Cost, replacement price Price effective from Koha item type
        Marathi Granth Sangrahalaya,Thane Marathi Granth Sangrahalaya,Thane   10.00   25553 THNMGS-25553 01/24/2009 10.00 01/24/2009 Book